Statistics for Bosnia and Herzegovina Country Quiz

Click here to take the quiz!

General Stats

  • This quiz has been taken 4,832 times
    (3,194 since last reset)
  • The average score is 13 of 16

Answer Stats

Hint Answer % Correct
Bordering countriesCroatia
99%
Capital citySarajevo
98%
Bordering countriesSerbia
98%
Country which Bosnia was a part of from 1918–1992Yugoslavia
97%
Event hosted by that city in 1984Winter Olympics
96%
Bordering countriesMontenegro
96%
Empire that conquered Bosnia in 1463Ottoman Empire
95%
Person assassinated in that city in 1914Franz Ferdinand
94%
Religion practiced by a small majority of the populationIslam
94%
Peninsula on which Bosnia liesBalkan
93%
Bosnia has a 20 km coastline on this seaAdriatic Sea
92%
Bosnia is supposedly shaped like this part of the bodyHeart
57%
Peace agreement which ended the Bosnian War in 1995 (hint: a city in Ohio){Dayton} Accords
55%
Largest city in the region of Herzegovina whose bridge is a World Heritage siteMostar
45%
Currency of BosniaConvertible {Mark}
41%
River that forms the northern borderSava
34%

Score Distribution

Percentile by Number Answered

Percent of People with Each Score

Your Score History

You have not taken this quiz since the last reset